MYTHOLOGY: (Record no. 9990)
[ view plain ]
| 000 -LEADER | |
|---|---|
| fixed length control field | 00595nam a22001817a 4500 |
| 003 - CONTROL NUMBER IDENTIFIER | |
| control field | OSt |
| 005 - DATE AND TIME OF LATEST TRANSACTION | |
| control field | 20260317110856.0 |
| 008 - FIXED-LENGTH DATA ELEMENTS--GENERAL INFORMATION | |
| fixed length control field | 260317b |||||||| |||| 00| 0 eng d |
| 010 ## - LIBRARY OF CONGRESS CONTROL NUMBER | |
| LC control number | 701079755 |
| 020 ## - INTERNATIONAL STANDARD BOOK NUMBER | |
| International Standard Book Number | 0446607258 |
| 040 ## - CATALOGING SOURCE | |
| Transcribing agency | Grand Central Publishing, |
| 050 ## - LIBRARY OF CONGRESS CALL NUMBER | |
| Classification number | BL 310 .H3 1942 |
| Item number | .H3 1942 |
| 245 ## - TITLE STATEMENT | |
| Title | MYTHOLOGY: |
| Remainder of title | TIMELESS TALES OF GODS AND HEROES/ |
| Statement of responsibility, etc. | HAMILTON, EDITH |
| 250 ## - EDITION STATEMENT | |
| Edition statement | 1ST EDITION. |
| 260 ## - PUBLICATION, DISTRIBUTION, ETC. | |
| Place of publication, distribution, etc. | NEWYORK: |
| Name of publisher, distributor, etc. | GRAND CENTRAL PUBLISHING, |
| Date of publication, distribution, etc. | 1942 |
| 300 ## - PHYSICAL DESCRIPTION | |
| Extent | 352 Pages, |
| Other physical details | hardcover, includes bibliographic index and references |
| Dimensions | ill. : col.; 17 cm |
| 942 ## - ADDED ENTRY ELEMENTS (KOHA) | |
| Source of classification or shelving scheme | Library of Congress Classification |
| Koha item type | Books |
| Edition | 1st ed. |
| Suppress in OPAC | No |
| Withdrawn status | Lost status | Source of classification or shelving scheme | Damaged status | Not for loan | Home library | Current library | Date acquired | Total checkouts | Full call number | Barcode | Date last seen | Price effective from | Koha item type |
|---|---|---|---|---|---|---|---|---|---|---|---|---|---|
| Library of Congress Classification | PIU Library | Main Library | 03/17/2026 | BL 310 .H3 1942 | PIUDLMUR974 | 03/17/2026 | 03/17/2026 | Books |